Capitals of the Provinces of Argentina on a Map - Statistics

General Stats
  • This quiz has been taken 56 times
  • The average score is 15 of 24
Answers on the Map
Answers color-coded by a green-red scale on the quiz's map according to % correct below.
 
Answer Stats
Province Capital % Correct
Autonomous City of Buenos Aires Buenos Aires
100%
Córdoba Córdoba
93%
Mendoza Mendoza
87%
Neuquén Neuquén
87%
Salta Salta
83%
Santa Fe Santa Fe
83%
San Juan San Juan
80%
La Rioja La Rioja
73%
San Luis San Luis
73%
Santiago del Estero Santiago del Estero
73%
Tierra del Fuego Ushuaia
73%
Formosa Formosa
70%
Corrientes Corrientes
60%
Buenos Aires La Plata
60%
Tucumán San Miguel de Tucumán
60%
Chubut Rawson
43%
Santa Cruz Río Gallegos
40%
Río Negro Viedma
40%
Entre Ríos Paraná
37%
Chaco Resistencia
37%
Jujuy San Salvador de Jujuy
37%
Misiones Posadas
30%
La Pampa Santa Rosa
27%
Catamarca San Fernando del Valle de Catamarca
20%
No matching quizzes found
Score Distribution
Percent of People with Each Score
Percentile by Number Answered
Your Score History
You have not taken this quiz